| 000 | 00682nam a2200181 a 4500 | ||
|---|---|---|---|
| 001 | 000017158 | ||
| 005 | 20250409111603.0 | ||
| 008 | 100319s1996 dr 000 0 spa d | ||
| 040 |
_aDO-SdBNP _bspa _cBNPHU |
||
| 082 |
_a657.45 _bI43a |
||
| 110 | 1 |
_aInstituto de Contadores Públicos Autorizados de la República Dominicana. _97118 |
|
| 245 | 1 | 0 |
_aInformes del auditor independiente : _buna guía para los usuarios de los estado financieros /. |
| 260 |
_aSanto Domingo : _bInstituto de Contadores Públicos Autorizados de la República Dominicana, _c1996. |
||
| 300 |
_a70 p. ; _c22 cm. |
||
| 504 | _aIncluye bibliografías [p.70] | ||
| 650 | 0 |
_aAuditoría _932999 |
|
| 049 | _aBNPD | ||
| 999 |
_c16684 _d16684 |
||